Cricket Quiz I - Statistics

General Stats
  • This quiz has been taken 56 times
  • The average score is 10 of 13
Answer Stats
Hint Answer % Correct
Nation of Rohit Sharma India
88%
Also known as Hitman Rohit Sharma
83%
Nation of AB De Villiers South Africa
83%
Also known as King of Cricket Virat Kohli
83%
Master bowler from India having perfect yorkers Jasprit Bumrah
79%
Also known as Spidey Rishabh Pant
79%
Nation of Muralitharan Sri Lanka
76%
Engalnd has won T20 world cup in 2010,2022
71%
West Indies has won T20 world cup in 2012,2016
71%
Most Wickets taken in Test Muralitharan
69%
India has won T20 world cup in 2007,2024
67%
Also known as Mr 360 AB De Villiers
67%
India won the BGT season 2021 in Gabba
64%
No matching quizzes found
Score Distribution
Percent of People with Each Score
Percentile by Number Answered
Your Score History
You have not taken this quiz